[Event "South America-ch U14 13th"]
[Site "Santiago de Chile"]
[Date "2016.12.03"]
[Round "4"]
[White "Sandoval Blanco, Carlos Benjamin"]
[Black "Taira, Erick Hideki"]
[Result "0-1"]
[WhiteElo "1300"]
[BlackElo "1725"]
[PlyCount "66"]
[EventDate "2016.12.01"]
[EventType "swiss"]
[EventRounds "9"]
[EventCountry "CHI"]
[SourceTitle "EXT 2018"]
[Source "ChessBase"]
[SourceDate "2017.10.13"]
[SourceVersion "1"]
[SourceVersionDate "2017.10.13"]
[SourceQuality "1"]

1. e4 c5 2. Nf3 Nc6 3. d4 cxd4 4. Nxd4 Nf6 5. Nc3 e5 6. Nf3 Bb4 7. Bd2 0-0 8. Bd3 d6 9. h3 Re8 10. 0-0 Bxc3 11. Bxc3 d5 12. Re1 dxe4 13. Bxe4 Qxd1 14. Raxd1 Nxe4 15. Rxe4 Bf5 16. Re2 Rad8 17. Red2 f6 18. Rxd8 Rxd8 19. Rxd8+ Nxd8 20. Ne1 Kf7 21. Kf1 Ke6 22. Ke2 Kd5 23. Bd2 Nc6 24. Be3 a6 25. a3 Na5 26. Bd2 Nc4 27. Bc3 Nd6 28. Bd2 Nb5 29. c3 Kc4 30. Bc1 Kb3 31. Kd2 Nd6 32. Nd3 Nc4+ 33. Ke2 Kc2 0-1

[Event "South America-ch U14 13th"]
[Site "Santiago de Chile"]
[Date "2016.12.02"]
[Round "2"]
[White "Sandoval Blanco, Carlos Benjamin"]
[Black "Zandonai Ignacio, Antonio Carlos"]
[Result "1-0"]
[WhiteElo "1300"]
[BlackElo "1809"]
[PlyCount "65"]
[EventDate "2016.12.01"]
[EventType "swiss"]
[EventRounds "9"]
[EventCountry "CHI"]
[SourceTitle "EXT 2018"]
[Source "ChessBase"]
[SourceDate "2017.10.13"]
[SourceVersion "1"]
[SourceVersionDate "2017.10.13"]
[SourceQuality "1"]

1. e4 e6 2. Nf3 d5 3. exd5 exd5 4. d4 Nc6 5. Nc3 Bg4 6. Be2 Qd7 7. Be3 f6 8. h3 Be6 9. Bb5 Bd6 10. Qd2 Nge7 11. a3 0-0-0 12. 0-0-0 a6 13. Ba4 Kb8 14. Rhe1 Nc8 15. Bf4 Rhe8 16. Bxd6 Qxd6 17. Na2 Nb6 18. Bb3 g5 19. Nc3 Na5 20. Ba2 Nac4 21. Qd3 Qf4+ 22. Kb1 Bf5 23. Qf1 c6 24. Bb3 g4 25. Nh4 gxh3 26. Nxf5 hxg2 27. Qxg2 Qxf5 28. Rxe8 Rxe8 29. Na4 Nxa4 30. Bxa4 Re2 31. Rh1 Rxf2 32. Qg8+ Qc8 33. Qg3+ 1-0